[Event "Lesa Lago Maggiore op"]
[Site "Lesa"]
[Date "2023.05.05"]
[Round "1"]
[White "Fersini, Maurizio"]
[Black "Simonelli, Mattia"]
[Result "0-1"]
[WhiteElo "1357"]
[BlackElo "1824"]
[PlyCount "96"]
[EventDate "2023.05.05"]
[EventType "swiss"]
[EventRounds "5"]
[EventCountry "ITA"]
[SourceTitle "EXT 2024"]
[Source "ChessBase"]
[SourceDate "2023.10.10"]
[SourceVersion "1"]
[SourceVersionDate "2023.10.10"]
[SourceQuality "1"]

1. c4 Nf6 2. Nc3 d5 3. cxd5 Nxd5 4. g3 c6 5. Bg2 e6 6. Nf3 Be7 7. 0-0 0-0 8. a3 c5 9. d3 Nc6 10. Bd2 Re8 11. Rc1 b6 12. Qc2 Bb7 13. Rfe1 h6 14. Qb1 Bf8 15. Qa2 Nc7 16. Ne4 e5 17. Nh4 Ne6 18. Bc3 Rb8 19. Bh3 Ng5 20. Bg2 Nxe4 21. Bxe4 Nd4 22. Bxb7 Rxb7 23. b4 Kh7 24. Ng2 f5 25. Rcd1 Rd7 26. Qb1 Nb5 27. Qb3 Nxc3 28. Qxc3 cxb4 29. axb4 a5 30. bxa5 bxa5 31. Ne3 Bb4 32. Qc4 Bxe1 33. Rxe1 Rd4 34. Qf7 Rf8 35. Qe6 f4 36. Nc4 fxg3 37. hxg3 Re8 38. Qf5+ Kg8 39. Nxe5 Qd5 40. f4 a4 41. e4 Qb3 42. Rc1 Rf8 43. Rc8 Rdd8 44. Rxd8 Rxd8 45. Ng6 Qf7 46. Qxf7+ Kxf7 47. Ne5+ Ke6 48. d4 a3 0-1